|
|
|
|
| LEADER |
00000nam0a2200000 4500 |
| 001 |
342206 |
| 005 |
20231102005428.0 |
| 035 |
|
|
|a (RuTPU)RU\TPU\book\370805
|
| 090 |
|
|
|a 342206
|
| 100 |
|
|
|a 20181218d2018 k y0rusy50 ca
|
| 101 |
0 |
|
|a rus
|
| 102 |
|
|
|a RU
|
| 105 |
|
|
|a a dm 001zy
|
| 200 |
1 |
|
|a Разработка методов синтеза тетраацетилпроизводных гликолурила и их использование в реакциях N - и О - ацетилирования некоторых первичных аминов, содержащих циклический фрагмент и липофильных полициклических спиртов
|e автореферат диссертации на соискание ученой степени кандидата химических наук
|e спец. 02.00.03
|f Хоанг Нгок Фыок
|g Национальный исследовательский Томский политехнический университет (ТПУ) ; науч. рук. А. А. Бакибаев
|
| 210 |
|
|
|a Томск
|c [Б. и.]
|d 2018
|
| 215 |
|
|
|a 19 с.
|c ил.
|
| 300 |
|
|
|a Защита сост. 17.12.2018 г.
|
| 320 |
|
|
|a Библиогр.: с. 19 (6 назв.)
|
| 452 |
|
1 |
|0 (RuTPU)RU\TPU\book\369836
|t Разработка методов синтеза тетраацетилпроизводных гликолурила и их использование в реакциях N - и О - ацетилирования некоторых первичных аминов, содержащих циклический фрагмент и липофильных полициклических спиртов
|o автореферат диссертации на соискание ученой степени кандидата химических наук
|o спец. 02.00.03
|f Хоанг Нгок Фыок
|g Национальный исследовательский Томский политехнический университет (ТПУ) ; науч. рук. А. А. Бакибаев
|c Томск
|d 2018
|
| 606 |
1 |
|
|a Ацетилен, производные
|x Химия
|2 stltpush
|3 (RuTPU)RU\TPU\subj\76202
|9 87515
|
| 610 |
1 |
|
|a бициклические бисмочевины
|
| 610 |
1 |
|
|a синтез
|
| 610 |
1 |
|
|a методы
|
| 610 |
1 |
|
|a тетрабромгликолурил
|
| 610 |
1 |
|
|a реакции
|
| 610 |
1 |
|
|a авторефераты диссертаций
|
| 610 |
1 |
|
|a труды учёных ТПУ
|
| 675 |
|
|
|a 547.314(04)
|v 4
|
| 686 |
|
|
|a 02.00.03
|2 oksvnk
|
| 700 |
|
0 |
|a Хоанг Нгок Фыок
|
| 702 |
|
1 |
|a Бакибаев
|b А. А.
|c химик
|c профессор Томского политехнического университета, доктор химических наук
|f 1960-
|g Абдигали Абдиманапович
|2 stltpush
|3 (RuTPU)RU\TPU\pers\27073
|4 727
|
| 712 |
0 |
2 |
|a Национальный исследовательский Томский политехнический университет (ТПУ)
|c (2009- )
|2 stltpush
|3 (RuTPU)RU\TPU\col\15902
|
| 801 |
|
1 |
|a RU
|b 63413507
|c 20181218
|
| 801 |
|
2 |
|a RU
|b 63413507
|c 20190206
|g RCR
|
| 942 |
|
|
|c BK
|